|
|
|
|
| LEADER |
00000naa2a2200000 4500 |
| 001 |
459322 |
| 005 |
20231101085134.0 |
| 035 |
|
|
|a (RuTPU)RU\TPU\prd\123097
|
| 035 |
|
|
|a RU\TPU\prd\14802
|
| 090 |
|
|
|a 459322
|
| 100 |
|
|
|a 20111020a2003 k y0rusy50 ca
|
| 101 |
0 |
|
|a rus
|
| 102 |
|
|
|a RU
|
| 200 |
1 |
|
|a Менеджмент качества и "электронная нервная система" Билла Гейтса
|f В. Матюшин, А. Шадрин
|
| 225 |
1 |
|
|a Качество: национальна программа
|
| 320 |
|
|
|a Библиогр.: 4 назв.
|
| 461 |
|
1 |
|0 (RuTPU)RU\TPU\prd\992
|x 0038-9692
|t Стандарты и качество
|o научно-технический журнал
|f Российская Федерация, Государственный комитет по стандартизации и метрологии (Госстандарт России)
|d 1980-
|
| 463 |
|
1 |
|0 (RuTPU)RU\TPU\prd\123077
|t № 4
|v С. 77-83
|d 2003
|
| 610 |
1 |
|
|a менеджмент качества
|
| 610 |
1 |
|
|a ИСО
|
| 610 |
1 |
|
|a предприятия
|
| 610 |
1 |
|
|a электронная нервная система
|
| 610 |
1 |
|
|a информационные технологии
|
| 700 |
|
1 |
|a Матюшин
|b В.
|g Валерий
|
| 701 |
|
1 |
|a Шадрин
|b А.
|g Александр
|
| 801 |
|
1 |
|a RU
|b 63413507
|c 20030605
|g PSBO
|
| 801 |
|
2 |
|a RU
|b 63413507
|c 20111020
|g RCR
|
| 942 |
|
|
|c BK
|